• 首页
  • 本馆介绍
  • 公告通知
  • 最新文献
  • 馆藏检索
  • 电子资源
  • 读者导购
  • 参考咨询
  • 我的图书馆
  • 登录
  • 详细信息显示
  • 放入我的书架
  • 预约/预借图书
  • 作者相关作品
  • 分类相关作品
  • 丛书相关作品
  • 出版社相关作品

书目信息

  • 表格格式
  • 工作单格式
  • 卡片格式
题名:
综合医院建筑设计
    
 
作者: ;《综合医院建筑设计》编写组 编
分册:  
出版信息: 北京   中国建筑工业出版社  1978
页数: 397页
开本: 26cm
丛书名:
单 册:
中图分类: TU246
科图分类:
主题词: 建筑设计-医院 , 医院-建筑设计
电子资源:
ISBN:
000 00739nam0 2200229 45
001 0178001449
005 20060809152914.17
010    @b精装@dCNY2.50
091    @a15040.3509
100    @a19950807d1978 em y0chiy0121 ea
101 0  @achi
102    @aCN@b110000
105    @ay z 000yy
200 10 @a综合医院建筑设计@Azong he yi yuan jian zhu she ji@f《综合医院建筑设计》编写组编@F《zong he yi yuan jian zhu she ji》bian xie zu bian
210    @a北京@c中国建筑工业出版社@d1978
215    @a397页@d26cm
606    @a建筑设计-医院
606    @a医院-建筑设计
690    @aTU246@v4
711  0 @a《综合医院建筑设计》编写组@A《zong he yi yuan jian zhu she ji》bian xie zu@4编
801  0 @aCN@bTSSF@c20060809
905    @a10447@dTU246@e284
    
    综合医院建筑设计/《综合医院建筑设计》编写组编.-北京:中国建筑工业出版社,1978
    397页;26cm
    
    
    ISBN (精装):CNY2.50
    
●
相关链接 在E读中查询图书 在五车中查询图书 在当当中查询图书 在豆瓣中查询图书


正题名:综合医院建筑设计     索取号:TU246/284         预约/预借

序号 登录号 条形码 馆藏地/架位号 状态 备注
1 0010471   001482210   密集书库/ [索取号:TU246/284] 在馆    
2 0451636   204516363   密集书库/ [索取号:TU246/284] 在馆    
唐山师范学院图书馆 欢迎您!
大连网信软件有限公司© 版权所有